000 00468nam a22001817a 4500
005 20230128131933.0
008 230125b |||||||| |||| 00| 0 eng d
020 _a939348014-1
041 _aeng
082 _a615.3 JAD-P
100 _aJADHAV, VISHAL B. PATIL ,CHANDRASHEKHAR D AND OTHERS
_97491
245 _aPHARMACOLOGY
250 _a1st ed.
260 _bBIRLA PUBLICATION
_c2023-2024
300 _a384;P.
650 _aPHARMACY
_xD.PHARMA
_97090
942 _cBK
999 _c8213
_d8211